LIBRARY & INFORMATION CENTRE, KCAET, TAVANUR

ONLINE PUBLIC ACCESS CATALOGUE (OPAC)

Nuclear Power / (Record no. 7616)

MARC details
000 -LEADER
fixed length control field 00274cam a2200109ua 4500
082 ## - DEWEY DECIMAL CLASSIFICATION NUMBER
Classification number 539.7
Item number VOS/NU
100 ## - MAIN ENTRY--AUTHOR NAME
Personal name Voskoboinik, David .
245 ## - TITLE STATEMENT
Title Nuclear Power /
260 ## - PUBLICATION, DISTRIBUTION, ETC. (IMPRINT)
Place of publication Moscow :
Name of publisher Foreign Language Publishing House ,
Year of publication 1956.
300 ## - PHYSICAL DESCRIPTION
Number of Pages 148 ; .
942 ## - ADDED ENTRY ELEMENTS (KOHA)
Koha item type Books
Holdings
Withdrawn status Lost status Damaged status Home library Current library Date acquired Full call number Accession Number Koha item type
      KAUAET KAUAET 07/04/2012 539.7 VOS/NU 11216 Books
      KAUAET KAUAET 07/04/2012 539.7 VOS/NU 10363 Books
free website counter